<?xml version="1.0" encoding="UTF-8"?>
<marc:record xmlns:marc="http://www.loc.gov/MARC21/slim">
   <marc:leader>00000nam a2200000 a 4500</marc:leader>
   <marc:datafield ind1="1" ind2=" " tag="100">
      <marc:subfield code="a">Lamballe, Marie</marc:subfield>
      <marc:subfield code="4">aut</marc:subfield>
      <marc:subfield code="e">Verfasser/-in</marc:subfield>
   </marc:datafield>
   <marc:datafield ind1="0" ind2="0" tag="245">
      <marc:subfield code="a">Café Engel: Eine neue Zeit</marc:subfield>
   </marc:datafield>
   <marc:datafield ind1=" " ind2="1" tag="264">
      <marc:subfield code="b">Bastei Lübbe</marc:subfield>
      <marc:subfield code="c">2019</marc:subfield>
   </marc:datafield>
   <marc:datafield ind1="1" ind2=" " tag="490">
      <marc:subfield code="a">Café-Engel-Saga</marc:subfield>
   </marc:datafield>
   <marc:datafield ind1="1" ind2=" " tag="520">
      <marc:subfield code="a">Wiesbaden, 1945. Der Zweite Weltkrieg ist zu Ende, und das Café Engel - einst Treffpunkt schillernder Persönlichkeiten - blieb wie durch ein Wunder verschont. Als Hilde Koch und ihre Mutter Else das Café wiedereröffnen, trüben schon bald erste Konflikte den jungen Frieden. Durch die Ankunft der schönen Luise, die sich als geflüchtete Cousine aus Ostpreußen vorstellt, fühlt Hilde sich zurückgesetzt. Zwischen den ungleichen Cousinen wächst eine Rivalität, die die Atmosphäre im Café zu vergiften droht. Bis beide Frauen begreifen, dass sie etwas gemeinsam haben: ein Geheimnis aus Kriegszeiten, das sie bis heute fürchten ...</marc:subfield>
   </marc:datafield>
   <marc:datafield ind1=" " ind2=" " tag="020">
      <marc:subfield code="a">9783404177486</marc:subfield>
      <marc:subfield code="9">9783404177486</marc:subfield>
   </marc:datafield>
</marc:record>
